| 000 -GUIDE |
| Champ de contrôle de longueur fixe |
00864nam a22002177a 4500 |
| 003 - IDENTITÉ DU NUMÉRO DE CONTRÔLE |
| Champ de contrôle |
BI-BuBU |
| 008 - ÉLÉMENTS DE LONGUEUR FIXE - RENSEIGNEMENTS GÉNÉRAUX |
| Champ de contrôle de longueur fixe |
100416t fr ||||dr|||| 00| 0 fre d |
| 020 ## - INTERNATIONAL STANDARD BOOK NUMBER |
| ISBN |
2717820043 |
| 039 ## - NIVEAU DE CONTRÔLE BIBLIOGRAPHIQUE ET HISTORIQUE D'ENCODAGE [OBSOLETE] |
| Date creation |
aln |
| 040 ## - SOURCE DU CATALOGAGE |
| Organisme qui a effectué le catalogage original |
BI-BuBU |
| Code de la langue utilisée dans le catalogage |
fre |
| Organisme qui a effectué la transcription |
BI-BuBU |
| 080 ## - INDICE DE LA CLASSIFICATION DÉCIMALE UNIVERSELLE (CDU) |
| Indice de la Classification décimale universelle |
336.7. |
| 245 ## - MENTION DU TITRE |
| Titre |
La mondialisation des marchés bancaires et financiers |
| Reste du titre |
: défis et promesses. |
| Mention de responsabilité, etc. |
textes introduits et réunis par Zuhayr Mikdashi,...préf. de Pierre Languetin,...,avant propos de Francis Léonard,... |
| 260 ## - PUBLICATION, DIFFUSION, ETC. (ADRESSE BIBLIOGRAPHIQUE) |
| Lieu de publication, diffusion, etc. |
Paris |
| Nom de l'éditeur, diffuseur, etc. |
Economica |
| Date of publication, distribution, etc |
1991 |
| 300 ## - DESCRIPTION MATÉRIELLE |
| Collation |
xii-357 p. |
| Dimensions |
25 cm. |
| 650 ## - VEDETTE-MATIÈRE - NOM COMMUN |
| Source du terme |
BI-BuBU |
| Vedette de sujet ou vedette comportant un nom géographique |
marché bancaire.mondialisation. |
| 9 (RLIN) |
19555 |
| 650 ## - VEDETTE-MATIÈRE - NOM COMMUN |
| Source du terme |
BI-BuBU |
| Vedette de sujet ou vedette comportant un nom géographique |
marché financier.mondialisation. |
| 9 (RLIN) |
19556 |
| 700 ## - VEDETTE SECONDAIRE - NOM DE PERSONNE |
| Code de relation |
pbl |
| Nom d'auteur |
Pierre Languetin |
| 9 (RLIN) |
19557 |
| 942 ## - ÉLÉMENTS D'ENTRÉE ADDITIONNELLE (KOHA) |
| Source de la classification ou du système de rangement |
|
| Type d item koha |
BOOK |